Catalog

Record Details

Catalog Search



Junior high ministry : a guidebook for the leading and teaching of early adolescents /  Wayne Rice Cover Image Book Book

Junior high ministry : a guidebook for the leading and teaching of early adolescents /  Wayne Rice

Rice, Wayne (Author).

Record details

  • ISBN: 0-310-34971-0
  • Physical Description: 201 p.
  • Edition: 1st ed.
  • Publisher: Grand Rapids, Michigan .  Zondervan Publishing House ,  1978

Available copies

  • 2 of 2 copies available at Common Catalog SPOK.

Holds

  • 0 current holds with 2 total copies.
Show Only Available Copies
Location Call Number / Copy Notes Barcode Shelving Location Status Due Date
ETS Library 259.23 424470007360 Volný výběr Available -
ETS Library 259.23 424470018837 Volný výběr Available -

LDR 00821nam a2 00253
00138821
003CZ-PrJAB
00520210716092611.0
008030324s1978 xxu e |||| |eng
009us
020 . ‡a0-310-34971-0
035 . ‡a(CONS)4723
035 . ‡aKPS1510
041 . ‡aeng
08214. ‡a259.23
100 . ‡71168 ‡aRice, Wayne
245 . ‡aJunior high ministry : ‡ba guidebook for the leading and teaching of early adolescents /  ‡nWayne Rice
250 . ‡a1st ed.
260 . ‡aGrand Rapids, Michigan .  ‡bZondervan Publishing House ,  ‡c1978
300 . ‡a201 p.
653 . ‡aJunior high ministry ‡aa guidebook for the leading and teaching of early adolescents
8524 . ‡bETS ‡bETS ‡cVolný výběr ‡j259.23 ‡gA ‡p424470007360
8524 . ‡bETS ‡bETS ‡cVolný výběr ‡j259.23 ‡gA ‡p424470001527
910 . ‡aABG450
999 . ‡a4723 ‡bAUTOGEN ‡c4723 ‡tbiblio
905 . ‡uadmin
901 . ‡a38821 ‡bCZ-PrJAB ‡c38821 ‡tbiblio ‡sets

Additional Resources